Name the Animal 4 - Statistics

General Stats
  • This quiz has been taken 27 times
    16 since last reset
  • The average score is 14 of 16
Answer Stats
Picture Answer % Correct
Crocodile
100%
Hippo
100%
Zebra
100%
Bison
93%
Donkey
93%
Giraffe
93%
Owl
93%
T Rex
93%
Chicken
87%
Frog
87%
Iguana
87%
Hammerhead
80%
Praying Mantis
80%
Cockroach
73%
Millipede
67%
Inchworm
27%
No matching quizzes found
Score Distribution
Percent of People with Each Score
Percentile by Number Answered
Your Score History
You have not taken this quiz since the last reset